00295 2200133 4500001002100000005001500021035002000036245003600056300000800092260002900100082000800129084001200137990001200149INLIS00000000000210720250527101114 a0010-0525000399 aTawanan /cParakitri T Simbolon a186 aJakarta :bKompas,c2003 a813 a813 TAW a0712504